| 000 | 00765cam a22002532 4500 | ||
|---|---|---|---|
| 999 |
_c17520 _d17520 |
||
| 001 | 0000023308 | ||
| 003 | OSt | ||
| 005 | 20190306115652.0 | ||
| 008 | 121109s xx 000 0 eng d | ||
| 020 | _a0071318211 : | ||
| 040 |
_aKABU _cKABU |
||
| 050 | 0 |
_aHF5635 _b.H69 2013 c. 1 |
|
| 100 | 1 | _aHoyle, Joe B. | |
| 245 | 1 | 0 |
_aAdvanced accounting / _cJoe B. Hoyle, Thomas F. Schaefer, Timothy S. Doupnik. |
| 250 | _a11th ed. | ||
| 260 |
_aNew York : _bMcGraw-Hill/Irwin, _c2013. |
||
| 300 | _axxi, 890 p. | ||
| 650 | 0 | _aAccounting. | |
| 700 | 1 | _aSchaefer, Thomas F. | |
| 700 | 1 | _aDoupnik, Timothy S. | |
| 908 | _a121109 | ||
| 942 |
_2lcc _cBK _hHF5635 _i.H69 2013 c. 1 |
||